000 00708nam a2200241Ia 4500
003 OSt
005 20220923211700.0
006 a|||||r|||| 00| 0
007 ta
008 Pun
024 _a42,717
037 _cTextual
040 _aARTS
_cARTS
_bPun
041 _2Pun
_aPun
082 _aO152,1I00x, 153H9
100 _aਸਿੰਘ, ਸਾਹਿਬ
245 0 _aFਲੋਕ ਭਗਤ ਕਬੀਰ ਜੀ ਸਟੀਕ
260 _aਅੰਮ੍ਰਿਤਸਰ
_b ॥ਾਲਸਾ ਕਾਲੇਜ
_c1949
300 _a260ਪੰ
_ccm.
650 _aਹਿੰਦੀ ਸਾਹਿਤ
942 _hO152,1I00x, 153H9
_cTEXL
_2CC
999 _c302550
_d302550